000
00312nam a22001457a 4500
008
221117b ||||| |||| 00| 0 eng d
020
_a
9780005262375
041
_a
eng
080
_a
51
082
_a
51LAM
100
_a
20.1
101
_a
MATE
245
_a
COLLEGE MATHEMATICS
_c
LAMBERT J
942
_2
udc
_c
BK
999
_c
58923
_d
58923